| 000 | 003010000a22000970004500 | ||
|---|---|---|---|
| 100 | 1 | _aLong, Gary (1948-) | |
| 245 | 1 | 0 | _aThe written story : Toward understanding text as representation and function |
| 300 | _aVol. 49, Num. 2 (Abril, 1999), Páginas 165-185 | ||
| 773 | 0 | _tVetus Testamentum | |
| 942 | _cANA | ||
| 999 |
_c58268 _d58268 |
||